<?xml version="1.0" encoding="UTF-8"?>
<marc:record xmlns:marc="http://www.loc.gov/MARC21/slim">
   <marc:leader>00000nam a2200000 a 4500</marc:leader>
   <marc:datafield ind1="1" ind2=" " tag="100">
      <marc:subfield code="a">Herzog, Andi</marc:subfield>
      <marc:subfield code="4">aut</marc:subfield>
      <marc:subfield code="e">Verfasser/-in</marc:subfield>
   </marc:datafield>
   <marc:datafield ind1="0" ind2="0" tag="245">
      <marc:subfield code="a">Wir lachen bis heute</marc:subfield>
   </marc:datafield>
   <marc:datafield ind1=" " ind2="1" tag="264">
      <marc:subfield code="b">edition a</marc:subfield>
      <marc:subfield code="c">2026</marc:subfield>
   </marc:datafield>
   <marc:datafield ind1="1" ind2=" " tag="520">
      <marc:subfield code="a">Zwei Stars im Fußball, die längst Kult sind: Toni Polsters und Andi Herzogs Spru¨che lassen kein Auge trocken, ihre Anekdoten sind legendär. In dieser amu¨santen Doppelconférence reden sie u¨ber das Leben, u¨ber Niederlagen und Höhenflu¨ge, u¨ber das Anfangen und das Aufhören und daru¨ber, was sie dabei gelernt haben. Wie ist das mit dem Älterwerden? Wie schaffen sie es, sich selbst nicht zu ernst zu nehmen? Und wie geht Freundschaft? Eine Mischung aus Stammtisch, Kabarett und ein wenig Philosophie. (Verlagstext)</marc:subfield>
   </marc:datafield>
   <marc:datafield ind1=" " ind2=" " tag="020">
      <marc:subfield code="a">9783990018835</marc:subfield>
      <marc:subfield code="9">9783990018835</marc:subfield>
   </marc:datafield>
</marc:record>
